00202nam a2200085 4500020001500000082001200015245003100027260004800058300001000106 a0854046658 a541 MET aMetals and chemical change aCambridgebRoyal Society of Chemistryc2002 a272 p